[Event "Herne-ch 14th"]
[Site "Herne"]
[Date "2011.02.22"]
[Round "3"]
[White "Brinkmann, Uwe"]
[Black "Janke, Anatoli"]
[Result "1-0"]
[WhiteElo "1950"]
[BlackElo "1802"]
[PlyCount "91"]
[EventDate "2011.02.07"]
[EventType "swiss"]
[EventRounds "7"]
[EventCountry "GER"]
[SourceTitle "EXT 2014"]
[Source "ChessBase"]
[SourceDate "2013.11.20"]
[SourceVersion "1"]
[SourceVersionDate "2013.11.20"]
[SourceQuality "1"]

1. d4 d5 2. c4 c6 3. cxd5 cxd5 4. Nc3 e6 5. Nf3 a6 6. Bf4 Nf6 7. e3 Nc6 8. Bd3 Bd6 9. Bg3 0-0 10. Rc1 h6 11. Bh4 Be7 12. Bb1 g6 13. 0-0 Nh5 14. Bxe7 Qxe7 15. Na4 Rb8 16. Qb3 Na5 17. Qc3 Nc6 18. Bd3 Qb4 19. Qc2 Qe7 20. a3 Kg7 21. Nb6 Bd7 22. b4 Rfd8 23. Qc3 Be8 24. Rc2 Nf6 25. Qc5 Qd6 26. Rb1 Qxc5 27. bxc5 Nd7 28. Nxd7 Bxd7 29. Rcb2 b5 30. cxb6 a5 31. b7 Kf6 32. Rb6 Ke7 33. Rc1 g5 34. Bb5 Na7 35. Ba6 Be8 36. Ne5 f6 37. Rc7+ Kf8 38. Nd3 Rd7 39. Rc8 Nxc8 40. bxc8Q Rxb6 41. h3 Rdd6 42. Nc5 Rdc6 43. Qa8 Kf7 44. Be2 Ke7 45. Qa7+ Kd6 46. Nb7+ 1-0

[Event "Muensterland Verbandsklasse-A 1011"]
[Site "Germany"]
[Date "2011.02.19"]
[Round "7.6"]
[White "Reinhold, Klaus"]
[Black "Janke, Anatoli"]
[Result "1/2-1/2"]
[WhiteElo "1883"]
[BlackElo "1684"]
[PlyCount "50"]
[EventDate "2010.09.18"]
[EventType "team-tourn"]
[EventRounds "9"]
[EventCountry "GER"]
[SourceTitle "EXT 2012"]
[Source "ChessBase"]
[SourceDate "2011.11.24"]
[SourceVersion "1"]
[SourceVersionDate "2011.11.24"]
[SourceQuality "1"]
[WhiteTeam "Gronau"]
[BlackTeam "Duelmen"]
[WhiteTeamCountry "GER"]
[BlackTeamCountry "GER"]

1. d4 d5 2. c4 c6 3. Nf3 g6 4. Nc3 Nf6 5. Qb3 Bg7 6. Bg5 dxc4 7. Qxc4 Nbd7 8. e4 0-0 9. Be2 Nb6 10. Qb3 Be6 11. Qc2 Bc4 12. 0-0 Bxe2 13. Qxe2 Nbd7 14. Rfd1 Qe8 15. d5 Nb6 16. d6 exd6 17. Rxd6 Nfd7 18. Rad1 f6 19. Be3 Rf7 20. a4 Bf8 21. R6d2 Ne5 22. Nxe5 Qxe5 23. Rd8 Rxd8 24. Rxd8 Qc7 25. Qd3 Nd7 1/2-1/2

[Event "Oberhausen op"]
[Site "Oberhausen"]
[Date "2009.04.09"]
[Round "1"]
[White "Janke, Anatoli"]
[Black "Chetverik, Maxim"]
[Result "0-1"]
[WhiteElo "1775"]
[BlackElo "2318"]
[PlyCount "110"]
[EventDate "2009.04.09"]
[EventType "swiss"]
[EventRounds "7"]
[EventCountry "GER"]
[SourceTitle "CBM 129 Extra"]
[Source "ChessBase"]
[SourceDate "2009.05.05"]
[SourceVersion "2"]
[SourceVersionDate "2009.05.20"]
[SourceQuality "1"]

1. Nf3 f5 2. c4 Nf6 3. Nc3 e6 4. d3 Bb4 5. Bd2 0-0 6. g3 d6 7. Bg2 Nc6 8. 0-0 Kh8 9. a3 Bxc3 10. Bxc3 e5 11. Qc2 Qe8 12. Rfe1 Qh5 13. Nd2 f4 14. f3 fxg3 15. hxg3 Be6 16. Ne4 Nxe4 17. dxe4 Bxc4 18. Kf2 Be6 19. Rh1 Qg6 20. Qd2 Qxe4 21. Rh4 Qg6 22. Rah1 Bg8 23. Kg1 Rae8 24. e4 Rf6 25. Rg4 Qf7 26. f4 Rg6 27. Rhh4 Rxg4 28. Rxg4 Re6 29. Rh4 h6 30. f5 Rf6 31. g4 Bh7 32. Qe3 g5 33. Rh2 Kg7 34. Bf1 Qb3 35. Rd2 Bg8 36. Bd3 Bc4 37. Bb1 Qb6 38. Kf2 Rf8 39. Kf3 Qxe3+ 40. Kxe3 Rh8 41. Rh2 Bf7 42. Bd3 h5 43. Be2 h4 44. Rh3 Kf6 45. b4 Ne7 46. Bd2 c6 47. Kd3 d5 48. Bf3 Rd8 49. Ke3 Nc8 50. Bc1 Nd6 51. Rh2 Nc4+ 52. Ke2 dxe4 53. Bxe4 Rd4 54. Kf3 Bd5 55. Re2 Rxe4 0-1

[Event "Dortmund Sparkassen op-B"]
[Site "Dortmund"]
[Date "2008.07.02"]
[Round "4"]
[White "Reinacher, Detlev"]
[Black "Janke, Anatoli"]
[Result "1-0"]
[WhiteElo "1503"]
[BlackElo "1686"]
[PlyCount "99"]
[EventDate "2008.06.30"]
[EventType "swiss"]
[EventRounds "9"]
[EventCountry "GER"]
[SourceTitle "EXT 2022"]
[Source "ChessBase"]
[SourceDate "2021.10.06"]
[SourceVersion "1"]
[SourceVersionDate "2021.10.06"]
[SourceQuality "1"]

1. d4 Nf6 2. c4 e6 3. Nc3 d5 4. Nf3 c6 5. Qc2 Be7 6. e3 0-0 7. cxd5 exd5 8. Bd3 h6 9. 0-0 Nbd7 10. b3 Re8 11. Bb2 Nf8 12. Rfe1 Be6 13. a3 Rc8 14. Rad1 Bg4 15. Rd2 Bxf3 16. gxf3 Ne6 17. f4 Bd6 18. Rde2 Qc7 19. f3 Qe7 20. Qc1 a6 21. Kh1 Kh8 22. Rg1 Nh5 23. Reg2 Qf6 24. Ne2 Bf8 25. Rg4 Bd6 26. Ng3 Nexf4 27. exf4 Nxf4 28. Qc2 Rg8 29. Bh7 Rge8 30. Nf5 Kxh7 31. Nxd6+ g6 32. Nxe8 Rxe8 33. Qd2 g5 34. Re1 Rxe1+ 35. Qxe1 Nd3 36. Qe2 Nxb2 37. Qc2+ Kh8 38. Qxb2 Qxf3+ 39. Rg2 Qf1+ 40. Rg1 Qf3+ 41. Qg2 Qxb3 42. h4 f6 43. Rf1 f5 44. hxg5 hxg5 45. Rxf5 Qd1+ 46. Rf1 Qxd4 47. Qxg5 Qe4+ 48. Qg2 b6 49. Qxe4 dxe4 50. Rf6 1-0

[Event "Dortmund Sparkassen op-B"]
[Site "Dortmund"]
[Date "2008.07.01"]
[Round "2"]
[White "Kropp, Andreas Juergen"]
[Black "Janke, Anatoli"]
[Result "1-0"]
[WhiteElo "1879"]
[BlackElo "1686"]
[PlyCount "101"]
[EventDate "2008.06.30"]
[EventType "swiss"]
[EventRounds "9"]
[EventCountry "GER"]
[SourceTitle "EXT 2022"]
[Source "ChessBase"]
[SourceDate "2021.10.06"]
[SourceVersion "1"]
[SourceVersionDate "2021.10.06"]
[SourceQuality "1"]

1. d4 Nf6 2. Nf3 d5 3. c4 c6 4. Nc3 e6 5. cxd5 cxd5 6. Bf4 a6 7. e3 Bd6 8. Ne5 0-0 9. Bd3 Qe7 10. Bg5 Nbd7 11. f4 Re8 12. 0-0 Nf8 13. f5 Bd7 14. Qf3 h6 15. Bh4 N8h7 16. fxe6 Bxe6 17. Bxh7+ Kxh7 18. h3 Rac8 19. Rad1 Bb4 20. Rc1 Qd8 21. Bxf6 Qxf6 22. Qxf6 gxf6 23. Rxf6 Kg7 24. Rf2 f6 25. Nd3 Bd6 26. Rcf1 Rf8 27. Nf4 Bxf4 28. Rxf4 Rc6 29. a3 Bg8 30. Rf5 Rd8 31. Kf2 Be6 32. Rf4 Re8 33. Ke2 Bg8 34. Kd2 Bh7 35. Rc1 Bg8 36. Ne2 Rec8 37. Rff1 Bh7 38. Rc3 Be4 39. Rfc1 Rxc3 40. Nxc3 Kf7 41. Nxe4 Rxc1 42. Kxc1 dxe4 43. g4 Ke6 44. Kd2 b5 45. b4 Kd5 46. Ke2 Kc4 47. Kf2 Kb3 48. d5 Kxa3 49. d6 Kxb4 50. d7 a5 51. d8Q 1-0

[Event "Muensterland Verbandsklasse-A 0607"]
[Site "Germany"]
[Date "2007.03.24"]
[Round "7.7"]
[White "Janke, Anatoli"]
[Black "Plagge, Christian"]
[Result "1-0"]
[WhiteElo "1730"]
[BlackElo "1573"]
[PlyCount "69"]
[EventDate "2006.09.23"]
[EventType "team"]
[EventRounds "9"]
[EventCountry "GER"]
[SourceTitle "EXT 2008"]
[Source "ChessBase"]
[SourceDate "2007.11.25"]
[SourceVersion "1"]
[SourceVersionDate "2007.11.25"]
[SourceQuality "1"]
[WhiteTeam "Duelmen"]
[BlackTeam "Emsdetten Turm III"]
[WhiteTeamCountry "GER"]
[BlackTeamCountry "GER"]

1. d4 e6 2. c4 c5 3. Nf3 Nf6 4. Nc3 g6 5. Bg5 Bg7 6. Ne4 Qa5+ 7. Bd2 Qb6 8. dxc5 Qc6 9. Nd6+ Ke7 10. a3 Ne4 11. Nxe4 Qxe4 12. Qc1 Nc6 13. Bc3 Nd4 14. Nxd4 Bxd4 15. e3 Bxc3+ 16. Qxc3 Rd8 17. Rd1 Qc6 18. Qd4 d5 19. cxd6+ Rxd6 20. Qh4+ Ke8 21. Rxd6 Qxd6 22. Be2 Qe5 23. Qd4 Qxd4 24. exd4 Ke7 25. Bf3 Rb8 26. Kd2 b5 27. c5 Bb7 28. Bxb7 Rxb7 29. Kc3 a5 30. Re1 Rd7 31. a4 b4+ 32. Kc4 Rb7 33. c6 Rc7 34. Kc5 Ra7 35. Kb6 1-0

[Event "Muenster Bezirksliga 0506"]
[Site "Muenster"]
[Date "2006.01.14"]
[Round "5.4"]
[White "Janke, Anatoli"]
[Black "Niehaus, Juergen"]
[Result "1-0"]
[WhiteElo "1696"]
[BlackElo "1614"]
[PlyCount "105"]
[EventDate "2005.09.10"]
[EventType "team"]
[EventRounds "9"]
[EventCountry "GER"]
[SourceTitle "EXT 2007"]
[Source "ChessBase"]
[SourceDate "2006.11.23"]
[SourceVersion "1"]
[SourceVersionDate "2006.11.23"]
[SourceQuality "1"]
[WhiteTeam "Duelmen II"]
[BlackTeam "Telgte III"]
[WhiteTeamCountry "GER"]
[BlackTeamCountry "GER"]

1. d4 d5 2. c4 Nf6 3. Nc3 c6 4. e3 Bf5 5. Nf3 h6 6. Qb3 Qb6 7. Qxb6 axb6 8. cxd5 cxd5 9. Bb5+ Nc6 10. Ne5 Bd7 11. Nxd7 Nxd7 12. Nxd5 Rc8 13. Bd2 e6 14. Nc3 Be7 15. 0-0 0-0 16. d5 exd5 17. Nxd5 Bf6 18. Bc3 Bxc3 19. Nxc3 Nf6 20. Rfd1 Rfd8 21. Kf1 Nb4 22. a3 Nbd5 23. Rac1 Nxc3 24. Rxd8+ Rxd8 25. Rxc3 Rd5 26. Bd3 Rc5 27. Rb3 Rc6 28. Ke2 Kf8 29. a4 Nd7 30. a5 Nc5 31. Rxb6 Rxb6 32. axb6 Na4 33. Be4 Nxb6 34. Bxb7 Ke7 35. Kd3 Kd6 36. b4 Nd7 37. f4 f6 38. Kd4 Nf8 39. Bd5 Nd7 40. h3 Nb6 41. Be4 Nd7 42. g3 Nb6 43. h4 Nc8 44. g4 Na7 45. Kc4 Nc8 46. Kb5 Kc7 47. Kc5 Ne7 48. b5 Nc8 49. h5 Nb6 50. Bc6 Na4+ 51. Kd5 Kd8 52. Ke6 Nb6 53. Kf7 1-0

[Event "Muenster Bezirksliga 0506"]
[Site "Muenster"]
[Date "2005.10.29"]
[Round "2.4"]
[White "Janke, Anatoli"]
[Black "Schulte Austum, Frank"]
[Result "0-1"]
[WhiteElo "1696"]
[BlackElo "1790"]
[PlyCount "108"]
[EventDate "2005.09.10"]
[EventType "team"]
[EventRounds "9"]
[EventCountry "GER"]
[SourceTitle "EXT 2007"]
[Source "ChessBase"]
[SourceDate "2006.11.23"]
[SourceVersion "1"]
[SourceVersionDate "2006.11.23"]
[SourceQuality "1"]
[WhiteTeam "Duelmen II"]
[BlackTeam "Muenster"]
[WhiteTeamCountry "GER"]
[BlackTeamCountry "GER"]

1. e4 c6 2. d4 Na6 3. Nf3 Nc7 4. Bd3 d5 5. Nbd2 Bg4 6. 0-0 Nf6 7. e5 Nh5 8. Nb3 Ne6 9. h3 Bxf3 10. Qxf3 g6 11. Re1 a5 12. a4 Nhg7 13. Bd2 Qb6 14. Bc3 Ng5 15. Qf4 N7e6 16. Qd2 Bh6 17. Kf1 f5 18. exf6 0-0 19. Rxe6 Nxe6 20. Qxh6 Rxf6 21. Qd2 Qc7 22. Kg1 b6 23. Re1 Raf8 24. Rf1 Nf4 25. Be2 h5 26. Qd1 Qd7 27. Kh2 Qf5 28. Be1 e5 29. f3 exd4 30. Bg3 h4 31. Bxf4 Qxf4+ 32. Kh1 Re6 33. Nxd4 Rd6 34. c3 Re8 35. Bd3 Kf7 36. Re1 Rxe1+ 37. Qxe1 Rf6 38. Qe2 c5 39. Nb5 Re6 40. Qf2 Qg5 41. Kg1 Qc1+ 42. Bf1 Re1 43. Nc7 d4 44. cxd4 cxd4 45. Nd5 d3 46. f4 d2 47. Nc3 d1Q 48. Nxd1 Rxd1 49. f5 g5 50. Qe2 Re1 51. Qf3 Kf6 52. Qf2 Qc5 53. Qxc5 bxc5 54. Kf2 Rb1 0-1